Industrie aéronau tique et spatiale

Uloženo v:
Podrobná bibliografie
Korporativní autor: Commissariat Général du Plan
Médium: Kniha
Jazyk:Undetermined
Vydáno: Paris La Documentation Francaise 1971
Témata:
Tagy: Přidat tag
Žádné tagy, Buďte první, kdo otaguje tento záznam!
Thư viện lưu trữ: Trung tâm Học liệu Trường Đại học Cần Thơ
LEADER 00547nam a2200181Ia 4500
001 CTU_82990
008 210402s9999 xx 000 0 und d
082 |a 629.13 
082 |b C734 
110 |a Commissariat Général du Plan 
245 0 |a Industrie aéronau tique et spatiale 
245 0 |c Commissariat Général du Plan 
260 |a Paris 
260 |b La Documentation Francaise 
260 |c 1971 
650 |a Aeronautical instruments industry 
904 |i QHieu(sửa) 
980 |a Trung tâm Học liệu Trường Đại học Cần Thơ